[Event "18. Open de Sants Hostafrancs 2016 - B"]
[Site "Barcelona ESP"]
[Date "2016.08.25"]
[Round "7.7"]
[White "Costa Trave, Jaume"]
[Black "Lopez Baena, David"]
[Result "1-0"]
[WhiteElo "1898"]
[BlackElo "2019"]
[PlyCount "49"]
[EventDate "2016.08.19"]
[EventType "swiss"]
[EventRounds "10"]
[EventCountry "ESP"]
[SourceTitle "Ajedrez en Madrid"]
[Source "lmi"]
[SourceDate "2016.08.19"]

1. f4 Nf6 2. Nf3 g6 3. e3 Bg7 4. d4 O-O 5. Bd3 c5 6. c3 d6 7. d5 e6 8. dxe6
Bxe6 9. e4 d5 10. e5 Ne4 11. Nbd2 Nxd2 12. Qxd2 Qb6 13. Qf2 c4 14. Be3 Qc7 15.
Bc2 Nc6 16. O-O-O f6 17. Qh4 Rae8 18. Bc5 Rf7 19. exf6 Bxf6 20. Ng5 Rg7 21.
Rhe1 Qd7 22. Ba4 d4 23. Bxc6 bxc6 24. cxd4 Bxd4 25. Bxd4 1-0

[Event "18. Open de Sants Hostafrancs 2016 - B"]
[Site "Barcelona ESP"]
[Date "2016.08.25"]
[Round "7.8"]
[White "Marina De La Torre, Ivan"]
[Black "Gonzalez Saguillo, Oriol"]
[Result "0-1"]
[WhiteElo "1997"]
[BlackElo "1860"]
[PlyCount "138"]
[EventDate "2016.08.19"]
[EventType "swiss"]
[EventRounds "10"]
[EventCountry "ESP"]
[SourceTitle "Ajedrez en Madrid"]
[Source "lmi"]
[SourceDate "2016.08.19"]

1. d4 Nf6 2. Bg5 e6 3. e4 h6 4. Bxf6 Qxf6 5. Nf3 g6 6. Nc3 Bg7 7. Qd2 a6 8. Bd3
d6 9. e5 dxe5 10. dxe5 Qe7 11. O-O-O Nc6 12. Rhe1 O-O 13. Qf4 Nb4 14. a3 Nd5
15. Qd2 b5 16. Ne4 Bb7 17. h4 c5 18. c4 Nb6 19. Qa5 Bxe4 20. Rxe4 bxc4 21. Bxc4
Qb7 22. Bd3 c4 23. Bc2 Rab8 24. Re2 c3 25. b3 Nd5 26. g3 Rfc8 27. Nd4 Bf8 28.
Be4 Rc5 29. Bxd5 Rxa5 30. Bxb7 Bxa3+ 31. Kc2 Rxb7 32. Ra1 Rb6 33. Re3 Bb4 34.
Rxa5 Bxa5 35. Ne2 Rb5 36. f4 Rb6 37. Nxc3 Rc6 38. Kb2 Kf8 39. Rd3 Ke7 40. Ne4
Bb4 41. Nf6 h5 42. Rd7+ Kf8 43. Rd8+ Kg7 44. Rg8+ Kh6 45. Rh8+ Kg7 46. Rh7+ Kf8
47. Rh8+ Kg7 48. Rg8+ Kh6 49. Ne8 Kh7 50. Rg7+ Kh8 51. Rxf7 Kg8 52. Rf6 Be7 53.
Rxg6+ Kf7 54. Rh6 Kxe8 55. Rxh5 Kf7 56. Rh7+ Kf8 57. g4 Bc5 58. Rh6 Kg7 59. Rf6
Be7 60. g5 Bxf6 61. exf6+ Kg6 62. Ka3 Rc5 63. Ka4 a5 64. b4 axb4 65. Kxb4 Rf5
66. Kc4 Rxf4+ 67. Kc5 Rxh4 68. Kd6 Rf4 69. Ke5 Kxg5 0-1

[Event "18. Open de Sants Hostafrancs 2016 - B"]
[Site "Barcelona ESP"]
[Date "2016.08.25"]
[Round "7.9"]
[White "Romero Castejon, Daniel"]
[Black "Perez Garcia, Jose Miguel"]
[Result "1-0"]
[WhiteElo "1993"]
[BlackElo "1931"]
[PlyCount "109"]
[EventDate "2016.08.19"]
[EventType "swiss"]
[EventRounds "10"]
[EventCountry "ESP"]
[SourceTitle "Ajedrez en Madrid"]
[Source "lmi"]
[SourceDate "2016.08.19"]

1. e4 c5 2. Nf3 e6 3. d3 d5 4. Nbd2 Nc6 5. g3 Nf6 6. Bg2 Be7 7. O-O O-O 8. e5
Nd7 9. Re1 Qc7 10. Qe2 b5 11. c3 Rb8 12. h4 b4 13. Nf1 bxc3 14. bxc3 Qa5 15.
Bd2 Qa3 16. Ne3 Ba6 17. c4 Ncxe5 18. Nxe5 Nxe5 19. cxd5 Nxd3 20. dxe6 Nxe1 21.
Qxe1 fxe6 22. Nc2 Qa4 23. Qxe6+ Kh8 24. Qxe7 Qxc2 25. Bf4 Rbe8 26. Qxa7 Qg6 27.
Qxc5 h6 28. Be3 Bd3 29. a4 Be4 30. Bxe4 Qxe4 31. a5 Rc8 32. Qd4 Qc6 33. a6 Rfd8
34. Qb6 Qf3 35. Kh2 Rb8 36. Qc7 Rbc8 37. Qf4 Qd5 38. a7 Rf8 39. Qd4 Qf3 40. Ra6
Rcd8 41. Rxh6+ Kg8 42. Qc4+ Rf7 43. Rc6 Kh7 44. Re6 Rf5 45. Qe4 Qxe4 46. Rxe4
Rff8 47. Rb4 Ra8 48. Rb7 Kg6 49. Kg2 Rf7 50. Rb8 Rf8 51. Bf4 Rxf4 52. Rxa8 Ra4
53. Kh3 Kf7 54. h5 Ra1 55. h6 1-0

[Event "18. Open de Sants Hostafrancs 2016 - B"]
[Site "Barcelona ESP"]
[Date "2016.08.25"]
[Round "7.10"]
[White "Flores Mendoza, Jose Antonio"]
[Black "Magallanes, Gustavo"]
[Result "0-1"]
[WhiteElo "1881"]
[BlackElo "1980"]
[PlyCount "126"]
[EventDate "2016.08.19"]
[EventType "swiss"]
[EventRounds "10"]
[EventCountry "ESP"]
[SourceTitle "Ajedrez en Madrid"]
[Source "lmi"]
[SourceDate "2016.08.19"]

1. d4 Nf6 2. c4 c5 3. d5 b5 4. cxb5 a6 5. f3 Qa5+ 6. Bd2 Qxb5 7. Bc3 d6 8. e4
Qb7 9. Na3 g6 10. Nc4 Bg7 11. Bd3 O-O 12. Ne2 Ne8 13. Bxg7 Kxg7 14. Qd2 e6 15.
Nc3 Bd7 16. a4 f5 17. O-O e5 18. a5 Ra7 19. exf5 Bxf5 20. Bxf5 gxf5 21. Qg5+
Kh8 22. Qh6 Rf6 23. Qh5 Ng7 24. Qg5 Qf7 25. Na4 Rb7 26. Nab6 Nd7 27. b4 cxb4
28. Nxd7 Rxd7 29. Nb6 Rc7 30. Rac1 Rc5 31. Nd7 Rxc1 32. Rxc1 Rg6 33. Qd8+ Ne8
34. Nb8 Rg8 35. Nxa6 Qxd5 36. Qb6 Qxf3 37. Qf2 Qe4 38. Nc7 Nxc7 39. Rxc7 Qb1+
40. Qf1 Qxf1+ 41. Kxf1 Ra8 42. Rb7 Rxa5 43. Rxb4 Ra7 44. g4 f4 45. h4 Kg7 46.
Kf2 Kf6 47. Kf3 Ke6 48. Rb3 h6 49. Rc3 Ra1 50. Rc8 Ra3+ 51. Kf2 Rg3 52. Rh8
Rxg4 53. Rxh6+ Kd5 54. h5 Rh4 55. Rh8 Ke4 56. h6 d5 57. h7 d4 58. Ke2 Rh2+ 59.
Kf1 d3 60. Kg1 Rh5 61. Kf2 Rh6 62. Kf1 Kf3 63. Ke1 Ke3 0-1

[Event "18. Open de Sants Hostafrancs 2016 - B"]
[Site "Barcelona ESP"]
[Date "2016.08.26"]
[Round "8.1"]
[White "Vigo Allepuz, David"]
[Black "Magallanes, Gustavo"]
[Result "1-0"]
[WhiteElo "2019"]
[BlackElo "1980"]
[PlyCount "120"]
[EventDate "2016.08.19"]
[EventType "swiss"]
[EventRounds "10"]
[EventCountry "ESP"]
[SourceTitle "Ajedrez en Madrid"]
[Source "lmi"]
[SourceDate "2016.08.19"]

1. d4 Nf6 2. Nf3 g6 3. c4 c5 4. Nc3 cxd4 5. Nxd4 Nc6 6. e4 Bg7 7. Nc2 d6 8. Be2
O-O 9. O-O a6 10. Be3 b6 11. f3 Be6 12. Rc1 Nd7 13. Qd2 Rc8 14. b3 f5 15. Bh6
Nf6 16. Bxg7 Kxg7 17. exf5 Bxf5 18. Ne3 Be6 19. f4 Qd7 20. Ned5 Rb8 21. Qe3 Bg4
22. Nxb6 Qa7 23. Nbd5 Nxd5 24. Qxa7 Nxa7 25. cxd5 Bxe2 26. Nxe2 Rb4 27. g3 Nb5
28. Rfd1 Kf6 29. Rd3 Rb8 30. Rc4 a5 31. Kf2 Rb7 32. Ke3 Na3 33. Rxb4 Nc2+ 34.
Kf2 Nxb4 35. Rd2 Rb5 36. Nc3 Rb7 37. g4 Rc7 38. Ne4+ Kg7 39. Ng5 Rc3 40. Ne4
Rh3 41. Kg2 Re3 42. Ng3 Rc3 43. f5 Rc5 44. a3 Nxd5 45. Ne4 Rb5 46. fxg6 hxg6
47. Rb2 Ne3+ 48. Kf3 Nc4 49. a4 Rb8 50. Rc2 Rxb3+ 51. Kf4 Ne5 52. Rc7 Rf3+ 53.
Kg5 Nf7+ 54. Kh4 d5 55. Ng5 Nxg5 56. Kxg5 Re3 57. Rd7 Re5+ 58. Kf4 Kf6 59. h4
Ke6 60. Rxe7+ Kf6 1-0

[Event "18. Open de Sants Hostafrancs 2016 - B"]
[Site "Barcelona ESP"]
[Date "2016.08.26"]
[Round "8.2"]
[White "Fernandez Aguilar, Francisco"]
[Black "Baeza Labat, Josep"]
[Result "1/2-1/2"]
[WhiteElo "2051"]
[BlackElo "1992"]
[PlyCount "66"]
[EventDate "2016.08.19"]
[EventType "swiss"]
[EventRounds "10"]
[EventCountry "ESP"]
[SourceTitle "Ajedrez en Madrid"]
[Source "lmi"]
[SourceDate "2016.08.19"]

1. e4 e5 2. Nf3 Nc6 3. Bb5 Bb4 4. c3 Ba5 5. O-O Nge7 6. Na3 O-O 7. Nc4 d5 8.
Nxa5 Nxa5 9. d3 f6 10. h3 Be6 11. Be3 a6 12. Ba4 b6 13. Bc2 dxe4 14. dxe4 Qxd1
15. Rfxd1 Rfd8 16. b3 Kf7 17. Rxd8 Rxd8 18. Rd1 Rxd1+ 19. Bxd1 Nb7 20. Be2 a5
21. Nd2 Nd6 22. f3 a4 23. bxa4 Bxa2 24. c4 c5 25. a5 bxa5 26. Bxc5 Nb7 27. Bb6
Nc6 28. Kf2 Ke6 29. Ke1 Nd4 30. Bxd4 exd4 31. Kd1 Nc5 32. Kc2 a4 33. Kb2 Bb3
1/2-1/2

[Event "18. Open de Sants Hostafrancs 2016 - B"]
[Site "Barcelona ESP"]
[Date "2016.08.26"]
[Round "8.3"]
[White "Minguell Soler, Joan"]
[Black "Megias Chafer, Alejandro"]
[Result "1-0"]
[WhiteElo "1951"]
[BlackElo "2087"]
[PlyCount "71"]
[EventDate "2016.08.19"]
[EventType "swiss"]
[EventRounds "10"]
[EventCountry "ESP"]
[SourceTitle "Ajedrez en Madrid"]
[Source "lmi"]
[SourceDate "2016.08.19"]

1. d4 d5 2. c4 c6 3. Nf3 Nf6 4. Nc3 e6 5. e3 Nbd7 6. Qc2 Be7 7. Bd3 dxc4 8.
Bxc4 b5 9. Be2 Bb7 10. O-O O-O 11. Rd1 Rc8 12. a3 a5 13. Ne5 Bd6 14. Nxd7 Qxd7
15. e4 Bb8 16. b4 axb4 17. axb4 Qe7 18. e5 Nd5 19. Nxd5 cxd5 20. Qd3 Rc4 21.
Qg3 f6 22. Bxc4 dxc4 23. Qc3 fxe5 24. dxe5 Qh4 25. Be3 Qg4 26. g3 Qe4 27. Kf1
Qh1+ 28. Ke2 Bf3+ 29. Kd2 Rd8+ 30. Bd4 Qxh2 31. Qxf3 Rxd4+ 32. Ke3 Rxd1 33.
Rxd1 Qh6+ 34. Ke2 Bc7 35. Rd7 Qg6 36. Qa8+ 1-0